Daisy and the trouble with life / (Record no. 4435)

MARC details
000 -LEADER
fixed length control field 01896nam a22002537a 4500
001 - CONTROL NUMBER
control field 4435
003 - CONTROL NUMBER IDENTIFIER
control field FISKH
005 - DATE AND TIME OF LATEST TRANSACTION
control field 20260422105240.0
008 - FIXED-LENGTH DATA ELEMENTS--GENERAL INFORMATION
fixed length control field 240909b cb ||||| |||| 00| 0 eng d
020 ## - INTERNATIONAL STANDARD BOOK NUMBER
International Standard Book Number 9781862301672
040 ## - CATALOGING SOURCE
Original cataloging agency FISKH
Language of cataloging eng
Transcribing agency FISKH
Modifying agency FISKH
082 ## - DEWEY DECIMAL CLASSIFICATION NUMBER
Classification number 823.92
100 ## - MAIN ENTRY--PERSONAL NAME
Personal name Gray, Kes
245 ## - TITLE STATEMENT
Title Daisy and the trouble with life /
Statement of responsibility, etc. By Kes Gray
250 ## - EDITION STATEMENT
Edition statement This edition published 2007
260 ## - PUBLICATION, DISTRIBUTION, ETC.
Place of publication, distribution, etc. London :
Name of publisher, distributor, etc. Red Fox,
Date of publication, distribution, etc. 2007.
300 ## - PHYSICAL DESCRIPTION
Extent 236 pages :
Other physical details illustrations ;
Dimensions 18 cm
520 ## - SUMMARY, ETC.
Summary, etc. In Daisy's guide to life, nothing is quite black and white. The trubble with life is it's sooooooo not fair. The trouble with Mums is that you can't swap them for other mums when you need to. And the trouble with being grounded is it's sooooooo boring. You absolutely can't go anywhere at all. No hopping jumping, flying or parachuting...Daisy's got ever so much time to think about what she's done. Really, it wasn't her fault. If her pocket money hadn't run out, and if someone hadn't dropped a strawberry dib-dab on the pavement and if strawberry dib-dabs weren't Daisy's absolutely favourite sweet... Who knew that it had invisible red germs that are so totally teensy and that Auntie Sue says give you tummy trouble?Daisy's trips to the loo are interspersed with hilarious musings about the trouble with everything, from her goldfish Freddie who thinks it's a dolphin, to playing nicely at Gabby's house, to the school name-caller Jack Beechwhistle, to remote control cars and hosepipes that don't do as they're told.Now, if only Daisy can find a word to rhyme with hippopotamus, she and Gabby can magic next door's cat into a hippo. When she's un-grounded and off the loo, of course...
650 ## - SUBJECT ADDED ENTRY--TOPICAL TERM
Source of heading or term Funny
Topical term or geographic name entry element Children's fiction
Form subdivision Home-library
650 ## - SUBJECT ADDED ENTRY--TOPICAL TERM
Source of heading or term Children_and_teens
Topical term or geographic name entry element Humor
Form subdivision Novel
700 ## - ADDED ENTRY--PERSONAL NAME
Personal name Parsons, Garry
Dates associated with a name Illustrator
942 ## - ADDED ENTRY ELEMENTS (KOHA)
Source of classification or shelving scheme Dewey Decimal Classification
Koha item type Books
Suppress in OPAC No
Holdings
Withdrawn status Lost status Source of classification or shelving scheme Damaged status Not for loan Collection Home library Current library Shelving location Date acquired Total Checkouts Full call number Barcode Date last seen Date last checked out Copy number Price effective from Koha item type
    Dewey Decimal Classification     Fiction Footprints International School Library Network Toul Tom Poung Campus Footprints International School Library Network Toul Tom Poung Campus TTP Secondary Fiction Bookshelves 09/09/2024 1 GRA 823.92 2024-1896 09/10/2024 09/10/2024 1 09/09/2024 Books